000 00776nam a22002057a 4500
003 OSt
005 20260313065915.0
008 260313b |||||||| |||| 00| 0 eng d
040 _aDWCL GS lib
_cOC
082 _aM152n 1958
100 _aMACINNES, HELEN
245 _aNorth from Rome
_cHELEN MACINNES
260 _aConnecticut
_bFawcett Publications, Inc
_c1958
300 _a288 p
_c18 cm.
520 _a a Cold War thriller following Bill Lammiter, an American playwright in Rome trying to win back his ex-fiancée.
650 _anoisy living conditions in multi-story apartment complexes called insulae.
650 _acharacterized by greater frugality, sobriety, and traditional reverence compared to the capital.
700 _aHELEN MACINNES
942 _2ddc
_cFIC.
_n0
999 _c9116
_d9116